000 01194nam a2200313 i 4500
003 EG-GICUC
005 20260121101711.0
008 260111s1991 ua ||||fr|||| 00| 0 ara d
040 _a EG-GICUC
_bara
_c EG-GICUC
_d EG-GICUC
_erda
041 0 _aara
082 0 4 _221
_a345.6
_bس ل . ن
092 0 4 _221
099 _aLaw1 07 345.6 س ل . ن1991
100 0 _aسليمان محمد الطماوى
_eمؤلف.
245 1 2 _aالنظرية العامة للقرارات الادارية :
_bدراسة مقارنة /
_cسليمان محمد الطماوى.
264 1 _aالقاهرة :
_bدار الفكر العربي،
_c[1991].
300 _a798 ؛ صفحة
_c24 سم.
_bإيضاحيات، صور، مثيليات ؛
336 _2rda content
_atext
337 _2rda media
_aComputer
338 _2rda carrier
_aOnline Resource
504 _a. 240-220 ببليوجرافيا: صفحات.
546 _aالنص باللغة العربية
650 1 4 _aالقرارت الإدارية
_2qrmak
650 1 4 _aالقانون الإداري
_2qrmak
651 1 _2qrmak
856 4 0 _uhttps://fll.law.cu.edu.eg/fulltext/bks/B07-02397.pdf
905 _a77
942 _2ddc
_cBK
_e21
_n0
999 _c56022
_d56022